| 000 | 00785cam a2200301 4500 | ||
|---|---|---|---|
| 008 | 090401t1995 xxu||||| |||| 00| 0 eng d | ||
| 020 | _a0750621583 | ||
| 035 | _a(Sirsi) u60373 | ||
| 041 | _aeng | ||
| 050 | _a690.24 | ||
| 100 | _aRichardson, Barry A | ||
| 245 | _aRemedial treatment of buildings. | ||
| 250 | _a2nd ed. | ||
| 260 |
_aOxford _bButterworth-Heinemann Ltd. _c1995 |
||
| 300 | _axiii,344p. : ill. ; 24cm. | ||
| 350 | _a19.95 | ||
| 650 | _aBUILDING DEFECTS | ||
| 650 | _aDAMPNESS | ||
| 650 | _aDECAY | ||
| 650 |
_aHEALTH AND SAFETY _96244 |
||
| 650 | _aINSULATION | ||
| 650 | _aMASONRY TREATMENT | ||
| 650 | _aREMEDIAL TREATMENT | ||
| 650 | _aWOOD TREATMENT | ||
| 690 | _aBUILT ENVIRONMENT-BUILDING INSPECTION | ||
| 942 | _n0 | ||
| 948 | _c04/03/1997 | ||
| 999 |
_c94230 _d94230 |
||